Fast Typing #1 - Statistics

General Stats
  • This quiz has been taken 821 times
  • The average score is 9 of 10
Answer Stats
Hint Answer % Correct
1 One
100%
Ten 10
99%
One Hundred 100
98%
Seventy 70
98%
20 Twenty
98%
80 Eighty
97%
50 Fifty
97%
How many legs a spider has Eight
90%
Total Numbers on a standard die 6
57%
How many fingers a human has 5
40%
No matching quizzes found
Score Distribution
Percent of People with Each Score
Percentile by Number Answered
Your Score History
You have not taken this quiz